| 000 | 00523nam a2200181Ia 4500 | ||
|---|---|---|---|
| 005 | 20250508154323.0 | ||
| 008 | 008 250505s9999 xx 000 0 eng d | ||
| 037 | _aTextual | ||
| 040 |
_aFEDL _beng _cFEDL |
||
| 041 |
_aeng _2eng |
||
| 084 |
_a372.21, GAR _qFEDL |
||
| 100 |
_aGardner Dorothy E M _9765303 |
||
| 245 | 0 | _aRole of the teacher in the infant and nursery school | |
| 260 |
_aOxford _bPergamon Press _c1965 |
||
| 300 | _avii,175p. | ||
| 942 |
_cTEXL _h372.21, GAR |
||
| 999 |
_c1349567 _d1349567 |
||